Statistics for Terraria 1.4.4.8 all creatures

Click here to take the quiz!

General Stats

  • This quiz has been taken 21 times
  • The average score is 176 of 473

Answer Stats

NPCs% Correct
Blue Slime
89%
Green Slime
89%
Harpy
89%
Merchant
89%
Moth
89%
Mothron
89%
Wyvern
89%
Yellow Slime
89%
Betsy
78%
Brain of Cthulhu
78%
Deerclops
78%
Demon
78%
Demon Eye
78%
Duck
78%
Duke Fishron
78%
Eater of Worlds
78%
Empress of Light
78%
Eye of Cthulhu
78%
Flying Fish
78%
Golem
78%
Guide
78%
King Slime
78%
Lunatic Cultist
78%
Moon Lord
78%
Mother Slime
78%
Nebula Pillar
78%
Party Girl
78%
Plantera
78%
Purple Slime
78%
Queen Bee
78%
Queen Slime
78%
Red Slime
78%
Retinazer
78%
Skeleton
78%
Skeletron
78%
Skeletron Prime
78%
Solar Pillar
78%
Spazmatism
78%
Stardust Pillar
78%
The Destroyer
78%
Traveling Merchant
78%
Vortex Pillar
78%
Wall of Flesh
78%
Zombie
78%
Angler
67%
Baby Slime
67%
Bee
67%
Bird
67%
Black Slime
67%
Cyborg
67%
Dark Mage
67%
Demolitionist
67%
Everscream
67%
Flying Dutchman
67%
Goblin Archer
67%
Goblin Tinkerer
67%
Goblin Warrior
67%
Goldfish
67%
Hornet
67%
Ice Queen
67%
Ice Slime
67%
Jungle Slime
67%
Martian Saucer
67%
Mimic
67%
Moss Hornet
67%
Mourning Wood
67%
Nurse
67%
Ogre
67%
Penguin
67%
Pinky
67%
Pirate
67%
Princess
67%
Pumpking
67%
Santa-NK1
67%
Spiked Jungle Slime
67%
Spiked Slime
67%
Tavernkeep
67%
True Eye of Cthulhu
67%
Umbrella Slime
67%
Unicorn
67%
Wandering Eye
67%
Angry Nimbus
56%
Blood Zombie
56%
Bunny
56%
Butterfly
56%
Cave Bat
56%
Clown
56%
Corrupt Mimic
56%
Corruptor
56%
Corrupt Slime
56%
Crimson Mimic
56%
Dark Mummy
56%
Digger
56%
Drippler
56%
Dryad
56%
Dungeon Slime
56%
Dye Trader
56%
Eater of Souls
56%
Fire Imp
56%
Ghost
56%
Giant Worm
56%
Gold Bird
56%
Grubby
56%
Hallowed Mimic
56%
Hemogoblin Shark
56%
Ice Golem
56%
Jungle Bat
56%
Lava Bat
56%
Lava Slime
56%
Leech
56%
Light Mummy
56%
Man Eater
56%
Mechanic
56%
Mouse
56%
Mummy
56%
Nymph
56%
Old Man
56%
Painter
56%
Parrot
56%
Pink Jellyfish
56%
Pirate Captain
56%
Pixie
56%
Red Devil
56%
Sand Shark
56%
Santa Claus
56%
Servant of Cthulhu
56%
Shark
56%
Skeleton Merchant
56%
Snail
56%
Spiked Ice Slime
56%
Steampunker
56%
The Bride
56%
The Groom
56%
The Hungry
56%
The Torch God
56%
Town Cat
56%
Town Dog
56%
Truffle
56%
Voodoo Demon
56%
Vulture
56%
Werewolf
56%
Wizard
56%
Worm
56%
Wraith
56%
Angry Bones
44%
Angry Dandelion
44%
Armored Skeleton
44%
Arms Dealer
44%
Blue Jay
44%
Blue Jellyfish
44%
Bone Serpent
44%
Buggy
44%
Chaos Elemental
44%
Clothier
44%
Cool Slime
44%
Corrupt Bunny
44%
Corrupt Goldfish
44%
Crab
44%
Crimera
44%
Crimslime
44%
Devourer
44%
Dolphin
44%
Dreadnautilus
44%
Eyezor
44%
Face Monster
44%
Frankenstein
44%
Frog
44%
Ghoul
44%
Giant Bat
44%
Giant Tortoise
44%
Goblin Peon
44%
Goblin Sorcerer
44%
Goblin Thief
44%
Goblin Warlock
44%
Gold Bunny
44%
Golfer
44%
Green Jellyfish
44%
Headless Horseman
44%
Hellbat
44%
Herpling
44%
Ice Elemental
44%
Ice Tortoise
44%
Icy Merman
44%
Lihzahrd
44%
Martian Probe
44%
Mystic Frog
44%
Mystic Slime
44%
Owl
44%
Pigron
44%
Pirate Deadeye
44%
Possessed Armor
44%
Probe
44%
Rainbow Slime
44%
Raincoat Zombie
44%
Sand Elemental
44%
Scarecrow
44%
Skeleton Archer
44%
Slimer
44%
Sluggy
44%
Snatcher
44%
Squid
44%
Squirrel
44%
Tax Collector
44%
The Possessed
44%
Tim
44%
Town Bunny
44%
Toxic Sludge
44%
Turtle
44%
Vampire
44%
Vicious Bunny
44%
Vicious Goldfish
44%
Witch Doctor
44%
Angry Tumbler
33%
Antlion
33%
Antlion Charger
33%
Arapaima
33%
Baby Mothron
33%
Blood Crawler
33%
Blood Eel
33%
Blood Mummy
33%
Blue Fairy
33%
Butcher
33%
Cardinal
33%
Clinger
33%
Corite
33%
Corrupt Penguin
33%
Crawdad
33%
Crawltipede
33%
Creature from the Deep
33%
Creeper
33%
Dark Caster
33%
Deadly Sphere
33%
Derpling
33%
Doctor Bones
33%
Dragonfly
33%
Dr. Man Fly
33%
Enchanted Sword
33%
Etherian Goblin
33%
Etherian Wyvern
33%
Explosive Bunny
33%
Faeling
33%
Firefly
33%
Floaty Gross
33%
Flying Snake
33%
Frozen Zombie
33%
Giant Shelly
33%
Gnome
33%
Goblin Scout
33%
Gold Butterfly
33%
Gold Mouse
33%
Gold Squirrel
33%
Green Fairy
33%
Hell Armored Bones
33%
Hell Butterfly
33%
Hellhound
33%
Hoppin' Jack
33%
Ice Bat
33%
Ice Mimic
33%
Ichor Sticker
33%
Illuminant Bat
33%
Illuminant Slime
33%
Jungle Mimic
33%
Ladybug
33%
Lamia
33%
Lightning Bug
33%
Maggot
33%
Mushi Ladybug
33%
Nailhead
33%
Necromancer
33%
Nerdy Slime
33%
Paladin
33%
Pink Fairy
33%
Piranha
33%
Prismatic Lacewing
33%
Raven
33%
Rune Wizard
33%
Salamander
33%
Sand Slime
33%
Seagull
33%
Sea Snail
33%
Shimmer Slime
33%
Splinterling
33%
Spore Zombie
33%
Squire Slime
33%
Sroller
33%
Stylist
33%
Surly Slime
33%
Swamp Thing
33%
Truffle Worm
33%
Undead Viking
33%
Vicious Penguin
33%
Vortexian
33%
Wolf
33%
Zombie Merman
33%
Zoologist
33%
Alien Hornet
22%
Alien Larva
22%
Alien Queen
22%
Ancient Doom
22%
Angler Fish
22%
Angry Trapper
22%
Anomura Fungus
22%
Antlion Larva
22%
Armored Viking
22%
Blood Jelly
22%
Blood Squid
22%
Blue Armored Bones
22%
Bone Lee
22%
Brain Suckler
22%
Chattering Teeth Bomb
22%
Cursed Hammer
22%
Cursed Skull
22%
Diabolist
22%
Diva Slime
22%
Drakanian
22%
Drakin
22%
Elder Slime
22%
Elf Archer
22%
Flow Invader
22%
Fritz
22%
Fungi Bulb
22%
Gastropod
22%
Giant Cursed Skull
22%
Giant Flying Fox
22%
Giant Fungi Bulb
22%
Golden Slime
22%
Gold Frog
22%
Gold Goldfish
22%
Gold Seahorse
22%
Gold Water Strider
22%
Gold Worm
22%
Grasshopper
22%
Mallard Duck
22%
Martian Walker
22%
Phantasm Dragon
22%
Pirate Corsair
22%
Pirate Deckhand
22%
Plantera's Tentacle
22%
Poltergeist
22%
Psycho
22%
Pupfish
22%
Reaper
22%
Red Squirrel
22%
Rock Golem
22%
Rusty Armored Bones
22%
Seahorse
22%
Sea Turtle
22%
Skeleton Sniper
22%
Slimeling
22%
Snow Balla
22%
Spore Bat
22%
Star Cell
22%
Storm Diver
22%
Tactical Skeleton
22%
Tomb Crawler
22%
Tortured Soul
22%
Toucan
22%
Twinkle
22%
Undead Miner
22%
Wandering Eye Fish
22%
Water Strider
22%
Amber Bunny
11%
Amethyst Bunny
11%
Ancient Vision
11%
Antlion Swarmer
11%
Blazing Wheel
11%
Bouncy Slime
11%
Clumsy Slime
11%
Crimson Axe
11%
Crystal Slime
11%
Crystal Thresher
11%
Cyan Beetle
11%
Desert Spirit
11%
Diamond Bunny
11%
Drakomire
11%
Drakomire Rider
11%
Dungeon Guardian
11%
Dungeon Spirit
11%
Elf Copter
11%
Emerald Bunny
11%
Etherian Javelin Thrower
11%
Etherian Lightning Bug
11%
Evolution Beast
11%
Flocko
11%
Fungo Fish
11%
Gingerbread Man
11%
Glowing Snail
11%
Gold Dragonfly
11%
Gold Ladybug
11%
Gray Cockatiel
11%
Grebe
11%
Heavenly Slime
11%
Jungle Creeper
11%
Jungle Turtle
11%
Krampus
11%
Lac Beetle
11%
Lavafly
11%
Maggot Zombie
11%
Magma Snail
11%
Meteor Head
11%
Milkyway Weaver
11%
Mini Star Cell
11%
Mister Stabby
11%
Pirate Crossbower
11%
Pirate's Curse
11%
Predictor
11%
Present Mimic
11%
Ruby Bunny
11%
Sapphire Bunny
11%
Scarlet Macaw
11%
Scorpion
11%
Selenian
11%
Shadowflame Apparition
11%
Sharkron
11%
Skeleton Commando
11%
Snowman Gangsta
11%
Spike Ball
11%
Spore Skeleton
11%
Stinkbug
11%
Tesla Turret
11%
Topaz Bunny
11%
Twinkle Popper
11%
Vile Ghoul
11%
World Feeder
11%
Yellow Cockatiel
11%
Yeti
11%
Amber Squirrel
0%
Amethyst Squirrel
0%
Black Scorpion
0%
Blood Feeder
0%
Blue Cultist Archer
0%
Blue Macaw
0%
Bone Biter
0%
Brain Scrambler
0%
Cochineal Beetle
0%
Diamond Squirrel
0%
Dreamer Ghoul
0%
Dune Splicer
0%
Emerald Squirrel
0%
Enchanted Nightcrowler
0%
Etherian Goblin Bomber
0%
Flesh Reaver
0%
Giant Antlion Charger
0%
Giant Antlion Swarmer
0%
Gigazapper
0%
Gold Grasshopper
0%
Gray Grunt
0%
Kobold
0%
Kobold Glider
0%
Lunatic Devotee
0%
Martian Drone
0%
Martian Engineer
0%
Martian Officer
0%
Nebula Floater
0%
Nutcracker
0%
Old One's Skeleton
0%
Ragged Caster
0%
Ray Gunner
0%
Ruby Squirrel
0%
Sand Poacher
0%
Sapphire Squirrel
0%
Scutlix
0%
Snow Flinx
0%
Stargazer
0%
Tainted Ghoul
0%
Topaz Squirrel
0%
Windy Balloon
0%
Wither Beast
0%
Zombie Elf
0%

Score Distribution

Percentile by Number Answered

Percent of People with Each Score

Your Score History

You have not taken this quiz